<?xml version="1.0" encoding="UTF-8"?>
<collection xmlns="http://www.loc.gov/MARC21/slim">
 <record>
  <leader>00680nam a2200241   4500</leader>
  <controlfield tag="001">000004988</controlfield>
  <controlfield tag="003">1130</controlfield>
  <controlfield tag="005">20150812140828.0</controlfield>
  <controlfield tag="008">110805s                               sd</controlfield>
  <datafield tag="082" ind1="1" ind2=" ">
   <subfield code="a">895.1</subfield>
   <subfield code="b">PHU</subfield>
  </datafield>
  <datafield tag="100" ind1="0" ind2=" ">
   <subfield code="a">Phùng Mộng Long</subfield>
  </datafield>
  <datafield tag="245" ind1="0" ind2="0">
   <subfield code="a">Đông Chu Liệt Quốc</subfield>
   <subfield code="c">Phùng Mộng Long</subfield>
  </datafield>
  <datafield tag="774" ind1=" " ind2=" ">
   <subfield code="a">Phùng Mộng Long</subfield>
   <subfield code="g">T.1</subfield>
   <subfield code="h">554 tr.</subfield>
   <subfield code="w">1131</subfield>
  </datafield>
  <datafield tag="774" ind1=" " ind2=" ">
   <subfield code="a">Phùng Mộng Long</subfield>
   <subfield code="g">T.2</subfield>
   <subfield code="h">515 tr.</subfield>
   <subfield code="w">1132</subfield>
  </datafield>
  <datafield tag="774" ind1=" " ind2=" ">
   <subfield code="a">Phùng Mộng Long</subfield>
   <subfield code="g">T.3</subfield>
   <subfield code="h">493 tr.</subfield>
   <subfield code="w">1133</subfield>
  </datafield>
  <datafield tag="OWN" ind1=" " ind2=" ">
   <subfield code="a">LSP</subfield>
  </datafield>
  <datafield tag="999" ind1=" " ind2=" ">
   <subfield code="a">From the UDN01</subfield>
  </datafield>
  <datafield tag="TYP" ind1=" " ind2=" ">
   <subfield code="a">Monograph</subfield>
  </datafield>
  <datafield tag="TYP" ind1=" " ind2=" ">
   <subfield code="a">Printed language</subfield>
  </datafield>
  <datafield tag="980" ind1=" " ind2=" ">
   <subfield code="a">Mạng thư viện Đại học Đà Nẵng</subfield>
  </datafield>
 </record>
</collection>
